<?xml version="1.0" encoding="UTF-8"?>
<record
    xmlns:xsi="http://www.w3.org/2001/XMLSchema-instance"
    xsi:schemaLocation="http://www.loc.gov/MARC21/slim http://www.loc.gov/standards/marcxml/schema/MARC21slim.xsd"
    xmlns="http://www.loc.gov/MARC21/slim">

  <leader>00766nam a22001577a 4500</leader>
  <controlfield tag="003">OSt</controlfield>
  <controlfield tag="005">20151106091721.0</controlfield>
  <controlfield tag="008">151106b        xxu||||| |||| 00| 0 eng d</controlfield>
  <datafield tag="040" ind1=" " ind2=" ">
    <subfield code="c">RUA</subfield>
  </datafield>
  <datafield tag="082" ind1=" " ind2=" ">
    <subfield code="a">FOR HOU 2002 B128 Or.1</subfield>
  </datafield>
  <datafield tag="100" ind1=" " ind2=" ">
    <subfield code="9">3430</subfield>
    <subfield code="a">HOUNG, THIDA.</subfield>
  </datafield>
  <datafield tag="245" ind1=" " ind2=" ">
    <subfield code="a">Establishment and management of seed source area of dalbergia oliveri gamble ex prain , pterocarpus macrocarpus kurz, and xylia xylocarpa (roxb) taub. in rattanakiri province (&#x1780;&#x17B6;&#x179A;&#x1794;&#x1784;&#x17D2;&#x1780;&#x17BE;&#x178F;&#x1793;&#x17B7;&#x1784;&#x1782;&#x17D2;&#x179A;&#x1794;&#x17CB;&#x1782;&#x17D2;&#x179A;&#x1784;&#x1796;&#x17D2;&#x179A;&#x17C3;&#x1794;&#x17D2;&#x179A;&#x1797;&#x1796;&#x1782;&#x17D2;&#x179A;&#x17B6;&#x1794;&#x17CB;&#x1796;&#x17BC;&#x1787;&#x1793;&#x17B6;&#x1784;&#x1793;&#x17BD;&#x1793; &#x1792;&#x17D2;&#x1798;&#x1784;&#x17CB;&#x1793;&#x17B7;&#x1784;&#x179F;&#x17BB;&#x1780;&#x17D2;&#x179A;&#x1798;&#x1780;&#x17D2;&#x1793;&#x17BB;&#x1784;&#x1781;&#x17C1;&#x178F;&#x17D2;&#x178F;&#x179A;&#x178F;&#x1793;&#x1782;&#x17B7;&#x179A;&#x17B8;)</subfield>
  </datafield>
  <datafield tag="260" ind1=" " ind2=" ">
    <subfield code="a">Phnom Penh</subfield>
    <subfield code="b">RUA</subfield>
    <subfield code="c">2002</subfield>
  </datafield>
  <datafield tag="300" ind1=" " ind2=" ">
    <subfield code="a">50p.</subfield>
    <subfield code="b">ill.</subfield>
    <subfield code="c">29cm.</subfield>
  </datafield>
  <datafield tag="942" ind1=" " ind2=" ">
    <subfield code="2">ddc</subfield>
    <subfield code="c">FOR</subfield>
  </datafield>
  <datafield tag="999" ind1=" " ind2=" ">
    <subfield code="c">3200</subfield>
    <subfield code="d">3200</subfield>
  </datafield>
  <datafield tag="952" ind1=" " ind2=" ">
    <subfield code="0">0</subfield>
    <subfield code="1">0</subfield>
    <subfield code="2">ddc</subfield>
    <subfield code="4">0</subfield>
    <subfield code="6">FOR_HOU_2002_000000000000000_B128_OR_1</subfield>
    <subfield code="7">0</subfield>
    <subfield code="9">14995</subfield>
    <subfield code="a">LBB</subfield>
    <subfield code="b">LBB</subfield>
    <subfield code="c">B128</subfield>
    <subfield code="d">2015-11-06</subfield>
    <subfield code="o">FOR HOU 2002 B128 Or.1</subfield>
    <subfield code="p">RUA028275</subfield>
    <subfield code="r">2015-11-06</subfield>
    <subfield code="w">2015-11-06</subfield>
    <subfield code="y">FOR</subfield>
  </datafield>
  <datafield tag="952" ind1=" " ind2=" ">
    <subfield code="0">0</subfield>
    <subfield code="1">0</subfield>
    <subfield code="2">ddc</subfield>
    <subfield code="4">0</subfield>
    <subfield code="6">FOR_HOU_2002_000000000000000_B128_OR_2</subfield>
    <subfield code="7">0</subfield>
    <subfield code="9">14996</subfield>
    <subfield code="a">LBB</subfield>
    <subfield code="b">LBB</subfield>
    <subfield code="c">B128</subfield>
    <subfield code="d">2015-11-06</subfield>
    <subfield code="l">1</subfield>
    <subfield code="o">FOR HOU 2002 B128 Or.2</subfield>
    <subfield code="p">RUA028331</subfield>
    <subfield code="r">2019-07-12</subfield>
    <subfield code="s">2019-06-03</subfield>
    <subfield code="w">2015-11-06</subfield>
    <subfield code="y">FOR</subfield>
  </datafield>
  <datafield tag="952" ind1=" " ind2=" ">
    <subfield code="0">0</subfield>
    <subfield code="1">0</subfield>
    <subfield code="2">ddc</subfield>
    <subfield code="4">0</subfield>
    <subfield code="6">FOR_HOU_2002_000000000000000_B128_OR_3</subfield>
    <subfield code="7">0</subfield>
    <subfield code="9">14997</subfield>
    <subfield code="a">LBB</subfield>
    <subfield code="b">LBB</subfield>
    <subfield code="c">B128</subfield>
    <subfield code="d">2015-11-06</subfield>
    <subfield code="o">FOR HOU 2002 B128 Or.3</subfield>
    <subfield code="p">RUA028286</subfield>
    <subfield code="r">2015-11-06</subfield>
    <subfield code="w">2015-11-06</subfield>
    <subfield code="y">FOR</subfield>
  </datafield>
  <datafield tag="952" ind1=" " ind2=" ">
    <subfield code="0">0</subfield>
    <subfield code="1">0</subfield>
    <subfield code="2">ddc</subfield>
    <subfield code="4">0</subfield>
    <subfield code="6">FOR_HOU_2002_000000000000000_B128_OR_4</subfield>
    <subfield code="7">0</subfield>
    <subfield code="9">14998</subfield>
    <subfield code="a">LBB</subfield>
    <subfield code="b">LBB</subfield>
    <subfield code="c">B128</subfield>
    <subfield code="d">2015-11-06</subfield>
    <subfield code="o">FOR HOU 2002 B128 Or.4</subfield>
    <subfield code="p">RUA028638</subfield>
    <subfield code="r">2015-11-06</subfield>
    <subfield code="w">2015-11-06</subfield>
    <subfield code="y">FOR</subfield>
  </datafield>
  <datafield tag="952" ind1=" " ind2=" ">
    <subfield code="0">0</subfield>
    <subfield code="1">0</subfield>
    <subfield code="2">ddc</subfield>
    <subfield code="4">0</subfield>
    <subfield code="6">FOR_HOU_2002_000000000000000_B128_OR_5</subfield>
    <subfield code="7">0</subfield>
    <subfield code="9">14999</subfield>
    <subfield code="a">LBB</subfield>
    <subfield code="b">LBB</subfield>
    <subfield code="c">B128</subfield>
    <subfield code="d">2015-11-06</subfield>
    <subfield code="l">1</subfield>
    <subfield code="o">FOR HOU 2002 B128 Or.5</subfield>
    <subfield code="p">RUA028862</subfield>
    <subfield code="r">2019-09-26</subfield>
    <subfield code="s">2019-08-23</subfield>
    <subfield code="w">2015-11-06</subfield>
    <subfield code="y">FOR</subfield>
  </datafield>
  <datafield tag="952" ind1=" " ind2=" ">
    <subfield code="0">0</subfield>
    <subfield code="1">0</subfield>
    <subfield code="2">ddc</subfield>
    <subfield code="4">0</subfield>
    <subfield code="6">FOR_HOU_2002_000000000000000_B128_OR_6</subfield>
    <subfield code="7">0</subfield>
    <subfield code="9">15000</subfield>
    <subfield code="a">LBB</subfield>
    <subfield code="b">LBB</subfield>
    <subfield code="c">B128</subfield>
    <subfield code="d">2015-11-06</subfield>
    <subfield code="o">FOR HOU 2002 B128 Or.6</subfield>
    <subfield code="p">RUA028790</subfield>
    <subfield code="r">2015-11-06</subfield>
    <subfield code="w">2015-11-06</subfield>
    <subfield code="y">FOR</subfield>
  </datafield>
</record>
